| 000 | 00661nam a2200253Ia 4500 | ||
|---|---|---|---|
| 008 | 181129s9999 xx 000 0 und d | ||
| 020 | _a9780590449489 | ||
| 050 | _bM123 2003 | ||
| 100 | _aMaccarone, Grace | ||
| 245 | 0 | _aItchy, itchy chicken pox / | |
| 245 | 0 | _cby Grace Maccarone ; illustrated by Marge Hartelius ; activities by Betsy Lewin.. | |
| 260 | _aNew York, NY : | ||
| 260 | _bScholastic, | ||
| 260 | _c2003 | ||
| 300 | _a30 pages : | ||
| 300 | _bcolor illustrations ; | ||
| 300 | _c23cm. | ||
| 440 | _aLevel 1 reader. | ||
| 500 | _a80L | ||
| 650 | _aViruses. | ||
| 700 | _aLewin, Betsy. | ||
| 700 | _aSeries. | ||
| 700 | _aTitle. | ||
| 999 |
_c359934 _d359934 |
||